| 000 -CABECERA |
| Longitud fija campo de control |
00478nam a2200169 a 4500 |
| 001 - NÚMERO DE CONTROL |
| Número de control |
1282 |
| 003 - IDENTIFICADOR DEL NÚMERO DE CONTROL |
| Identificador del número de control |
CDMR |
| 005 - FECHA Y HORA DE LA ÚLTIMA TRANSACCIÓN |
| Fecha y hora de la última transacción |
20131213174201.0 |
| 008 - CÓDIGOS DE INFORMACIÓN DE LONGITUD FIJA |
| Códigos de información de longitud fija |
130130s1986||||||||||||||||||||||||||||d |
| 040 ## - FUENTE DE LA CATALOGACIÓN |
| Centro catalogador de origen |
CDMR |
| Lengua de catalogación |
cat |
| Centro transcriptor |
CDMR |
| 110 2# - PUNTO DE ACCESO PRINCIPAL-NOMBRE DE ENTIDAD CORPORATIVA |
| Nombre de entidad corporativa o nombre de jurisdicción como elemento inicial |
International Federation of Journalists |
| 9 (RLIN) |
997 |
| 245 10 - MENCIÓN DE TÍTULO |
| Título |
Federación Internacional de Periodistas |
| Mención de responsabilidad, etc. |
FIP |
| 260 ## - PUBLICACIÓN, DISTRIBUCIÓN, ETC. (PIE DE IMPRENTA) |
| Lugar de publicación, distribución, etc. |
Bruselas |
| Fecha de publicación, distribución, etc. |
1986 |
| Nombre del editor, distribuidor, etc. |
FIP |
| 300 ## - DESCRIPCIÓN FÍSICA |
| Extensión |
14 p ; |
| Dimensiones |
21 cm |
| 650 04 - PUNTO DE ACCESO ADICIONAL DE MATERIA - TÉRMINO DE MATERIA |
| 9 (RLIN) |
216 |
| Término de materia o nombre geográfico como elemento inicial |
Associacions de professionals i tècnics |
| 942 ## - ENTRADA DE ELEMENTOS AGREGADOS (KOHA) |
| Koha [por defecto] tipo de item |
Monografies |
| Fuente de clasificaión o esquema |
|